000 01697nim a2200313 4500
003 dpl
005 20080723110517.0
007 DVD
008 ||||||sp199 xxu|||||c|||| 00| 0 eng d
010 _aDVD-000239-241
024 _aA2437
_c599.00
040 _aDPL
082 _aDVD / FOXA
245 _aThe Fox and the Hound 2:
_cWalt Disney Pictures presents
_h[videorecording] DVD/
_bOld Friends New Adventure
246 _a.
260 _aBurbank, CA:
_bWalt Disney Home Video,
_cp1997.
300 _a1 videodisc DVD; (69:18 min.) :
_bsd., col. ;
_c4 3/4 in.
_fDVD
440 _aWalt Disney's Home Entertainment
500 _aHigh Style Disney Animation
500 _aSole Distributor in India M/s. Excel Productions Autio Visuals Pvt. Ltd.
538 _aDolby Digital 5.1-English, Spanish, Portuguese, Thai, Mandarin, Cantonese Subtitles: English, Thai,Malaysian, Bahasa, Spanish, Portguese
538 _aAspect Ratio: 1.78:1, Presentation type: Wide Screne, Presentation Size 16x9, Format DVD 9 Dual Layer Single Sided Disc.
650 _aAnimated Movie
942 _cCF
_2ddc
_hDVD
_mFOXA
999 _c15301
_d15301